[Event "Jesenik op-A"]
[Site "Jesenik"]
[Date "2023.08.22"]
[Round "4"]
[White "Placer, Sebastian"]
[Black "Raptis, Janis"]
[Result "0-1"]
[WhiteElo "2002"]
[BlackElo "1875"]
[PlyCount "54"]
[EventDate "2023.08.19"]
[EventType "swiss"]
[EventRounds "9"]
[EventCountry "CZE"]
[SourceTitle "EXT 2024"]
[Source "ChessBase"]
[SourceDate "2023.10.10"]
[SourceVersion "1"]
[SourceVersionDate "2023.10.10"]
[SourceQuality "1"]

1. e4 c6 2. d4 d5 3. Nc3 dxe4 4. Nxe4 Nd7 5. Ng5 Ngf6 6. Bc4 e6 7. Qe2 Nb6 8. Bb3 h6 9. N5f3 c5 10. dxc5 Bxc5 11. Ne5 Qe7 12. Ngf3 0-0 13. Bd2 a5 14. a3 Nbd5 15. 0-0-0 b5 16. g4 a4 17. Bxd5 Nxd5 18. Rhg1 b4 19. axb4 Bxb4 20. c3 Ba6 21. Qe1 Rfc8 22. Kb1 Bxc3 23. Bxc3 Nxc3+ 24. bxc3 Qa3 25. Rd4 Rxc3 26. Nd7 Rb3+ 27. Kc2 Qa2+ 0-1

[Event "Bohumin op 5th"]
[Site "Bohumin"]
[Date "2022.07.10"]
[Round "9"]
[White "Radzimski, Antoni"]
[Black "Raptis, Janis"]
[Result "1-0"]
[WhiteElo "1627"]
[BlackElo "1872"]
[PlyCount "25"]
[EventDate "2022.07.02"]
[EventType "swiss"]
[EventRounds "9"]
[EventCountry "CZE"]
[SourceTitle "CBM 209 Extra"]
[Source "ChessBase"]
[SourceDate "2022.09.30"]
[SourceVersion "1"]
[SourceVersionDate "2022.09.30"]
[SourceQuality "1"]

1. e4 c6 2. Nc3 d5 3. Nf3 dxe4 4. Nxe4 Nf6 5. Qe2 Nxe4 6. Qxe4 Nd7 7. Bc4 Nf6 8. Ne5 e6 9. Qe2 b5 10. Bb3 Qb6 11. 0-0 Bb7 12. Nxf7 c5 13. Bxe6 1-0

[Event "Bohumin op 5th"]
[Site "Bohumin"]
[Date "2022.07.06"]
[Round "5"]
[White "Olsar, Jaroslav"]
[Black "Raptis, Janis"]
[Result "1-0"]
[WhiteElo "2084"]
[BlackElo "1872"]
[PlyCount "47"]
[EventDate "2022.07.02"]
[EventType "swiss"]
[EventRounds "9"]
[EventCountry "CZE"]
[SourceTitle "CBM 209 Extra"]
[Source "ChessBase"]
[SourceDate "2022.09.30"]
[SourceVersion "1"]
[SourceVersionDate "2022.09.30"]
[SourceQuality "1"]

1. e4 c6 2. d4 d5 3. Nc3 dxe4 4. Nxe4 Nd7 5. Nf3 Ngf6 6. Nxf6+ Nxf6 7. c3 Bg4 8. h3 Bh5 9. g4 Bg6 10. Ne5 Nd7 11. Nxg6 hxg6 12. Bf4 e6 13. Bg2 Qb6 14. Qe2 Be7 15. 0-0-0 a5 16. Kb1 a4 17. c4 a3 18. b3 0-0 19. h4 Nf6 20. Rh3 Qa6 21. h5 gxh5 22. g5 g6 23. gxf6 Bxf6 24. Be5 1-0

[Event "Bohumin op 4th"]
[Site "Bohumin"]
[Date "2021.07.11"]
[Round "9"]
[White "Mrazek, Roman1111"]
[Black "Raptis, Janis"]
[Result "0-1"]
[WhiteElo "1563"]
[BlackElo "1643"]
[PlyCount "54"]
[EventDate "2021.07.03"]
[EventType "swiss"]
[EventRounds "9"]
[EventCountry "CZE"]
[SourceTitle "CBM 203 Extra"]
[Source "ChessBase"]
[SourceDate "2021.09.30"]
[SourceVersion "1"]
[SourceVersionDate "2021.09.30"]
[SourceQuality "1"]

1. e4 c6 2. d4 d5 3. exd5 cxd5 4. c4 Nf6 5. Nc3 Nc6 6. Bg5 Be6 7. c5 Ne4 8. Nxe4 dxe4 9. Bb5 Qa5+ 10. Qd2 Qxb5 11. Ne2 Qb4 12. Nc3 Qxd4 13. Qc2 Nb4 14. Qd2 Qxd2+ 15. Kxd2 0-0-0+ 16. Kc1 Nd3+ 17. Kc2 Nxc5 18. Be3 b6 19. Bxc5 bxc5 20. Nxe4 Bf5 21. f3 g6 22. Rae1 Bg7 23. Kc1 Bxe4 24. Rxe4 e6 25. Rc4 Rd5 26. b4 Bd4 27. Rd1 Rhd8 0-1